00875nam a22002417a 4500003000500000005001700005008004100022020001800063050002300081082002200104100002300126245005400149260003800203300002100241520015700262562000600419586002400425650004100449650006000490650003200550650002500582650002600607PILC20151028155632.0130313t xxu||||| |||| 00| 0 eng d a9780803726475 aPZ 7b.T21723 1976 aGS 813 bT21 2001 aTaylor, Mildred D. aRoll of thunder, hear my cry /cMildred D. Taylor aNew York :bDial Books,cc1976.  a276 p. :c22 cm. aA black family living in Mississippi during the Depression of the 1930s is faced with prejudice and discrimination which its children do not understand. e1 aJohn Newberry Medal aAfrican AmericansxJuvenile fiction. aLogan family (Fictitious characters : Taylor)xFiction. aAfrican AmericansxFiction. aPrejudicesxFiction. aDepressionsxFiction.